Integral animal behavior / (Registro nro. 433)

Detalles MARC
000 -CABECERA
Campo de control 00622nam a2200217 a 4500
005 - FECHA Y HORA DE LA ULTIMA TRANSACCION
Campo de control 20160108105629.0
008 - ELEMENTOS DE LONGITUD FIJA—INFORMACION GENERAL
Campo de control 140220s1966 nyu||||| |||| 00| 0 eng d
040 ## - FUENTE DE CATALOGACIÓN
Agencia catalogadora original CO-BoIAVH
Agencia transcriptora CO-BoIAVH
041 0# - IDIOMA
Código de idioma para texto/pista de sonido o título separado Inglés
044 ## - PAÍS DE PUBLICACIÓN
País de publicación Estados Unidos
082 04 - NUMERO DE CLASIFICACION DECIMAL DEWEY
Número de clasificación 591.5
Número del ítem D26i
100 1# - ASIENTO PRINCIPAL--NOMBRE PERSONAL
Nombre personal Davis, David E.
9 (RLIN) 7742
245 10 - MENCION DE TITULO
Título Integral animal behavior /
Mención de responsabilidad David E. Davis.
260 ## - PUBLICACION, DISTRIBUCION, ETC. (PIE DE IMPRENTA)
Lugar de publicación, distribución, etc. Nueva York :
Nombre del editor, distribuidor, etc. Macmillan Company,
Fecha de publicación, distribución, etc. 1966
300 ## - DESCRIPCION FISICA
Extensión 118 p.
650 14 - ASIENTO SECUNDARIO DE MATERIA - TERMINO TEMATICO
Término temático o nombre geográfico como elemento de entrada Conducta animal
9 (RLIN) 48756
650 24 - ASIENTO SECUNDARIO DE MATERIA - TERMINO TEMATICO
Término temático o nombre geográfico como elemento de entrada Conducta de manada en los animales
9 (RLIN) 48757
650 24 - ASIENTO SECUNDARIO DE MATERIA - TERMINO TEMATICO
Término temático o nombre geográfico como elemento de entrada Etología
9 (RLIN) 7606
650 24 - ASIENTO SECUNDARIO DE MATERIA - TERMINO TEMATICO
Término temático o nombre geográfico como elemento de entrada Animales
Subdivisión general Conducta sexual
9 (RLIN) 48758
942 ## - ELEMENTOS ADICIONALES (KOHA)
Tipo de ítem Libro
Sistema de clasificación Dewey Decimal Classification
Existencias
Withdrawn status Lost status Sistema de Clasificación Damaged status No para préstamo Colección Inventariado Ubicación Permanente Ubicación actual Fecha de adquisición Fuente de Valor Valor Total Checkouts Número topográfico Inventario / Código de Barras Date last seen Ejemplar Price effective from Forma de adquisición Tipo de material
    Dewey Decimal Classification     General Inventariado 2017 Bogotá Bogotá 01/05/1998 Amazon 60000.00   LB-591.5 D26i 000587 04/12/2012 Ej. 1 04/12/2012   Libro